000 00351nam a2200157Ia 4500
003 Ost
005 20260225132554.0
008 260225s9999||||xx |||||||||||||| ||und||
040 _cfsic
041 _afre
082 _a440
100 _aJean caune
_eAuteur
245 0 _aEsthétique de la communication /
245 0 _cJean caune
942 _cكتاب
999 _c34320
_d34320